000 00392nam a2200181Ia 4500
005 20250603145241.0
008 250603s9999 xx 000 0 und d
020 _a978-978-54006-4-9
050 _aKP 97 .A5/
100 _aAlobo Eni Eja
245 0 _aLaw of Contract
260 _aLagos
260 _bPrinceton
260 _c2016
300 _a515 p
650 _aLagos
942 _cBK
999 _c41315
_d41315